Statistics for Capital Cities in Brazzaville

Click here to take the quiz!

General Stats

  • This quiz has been taken 31 times
  • The average score is 7 of 10

Answer Stats

HintAnswer% Correct
BBaghdad /Baku /Bamako /Bandar Seri Begawan /Bangkok /Bangui /Banjul /Basseterre /Beijing /Beirut /Belgrade /Belmopan /Berlin /Bern /Bishkek / /Bogotá /Brasília /Bratislava /Brazzaville /Bridgetown /Brussels /Bucharest /Budapest /Buenos Aires /Bujumbura
100%
AAbu Dhabi /Abuja /Accra /Addis Ababa /Algiers /Amman/ Amsterdam /Andorra La Vella /Ankara /Antananarivo /Apia /Ashgabat /Asmara /Astana /Asunción/ Athens
92%
AAbu Dhabi /Abuja /Accra /Addis Ababa /Algiers /Amman/ Amsterdam /Andorra La Vella /Ankara /Antananarivo /Apia /Ashgabat /Asmara /Astana /Asunción/ Athens
92%
RRabat /Reykjavík /Riga /Riyadh/ Rome/ Roseau
76%
VVaduz /Valletta /Vatican City /Victoria /Vienna/ Vientiane/ Vilnius
76%
ZZagreb
72%
ZZagreb
72%
LLa Paz /Libreville/ Lilongwe/ Lima /Lisbon/ Ljubljana/ Lomé/ London /Luanda /Lusaka /Luxembourg City
64%
LLa Paz /Libreville/ Lilongwe/ Lima /Lisbon/ Ljubljana/ Lomé/ London /Luanda /Lusaka /Luxembourg City
64%
IIslamabad
40%

Score Distribution

Percentile by Number Answered

Percent of People with Each Score

Your Score History

You have not taken this quiz